[Event "RUS-chT 11th"]
[Site "Sochi"]
[Date "2004.04.26"]
[Round "7.2"]
[White "Volokitin, Andrei"]
[Black "Grachev, Boris V"]
[Result "1-0"]
[WhiteElo "2600"]
[BlackElo "2508"]
[Annotator "Ftacnik,L"]
[PlyCount "111"]
[EventDate "2004.04.20"]
[EventType "team-tourn"]
[EventRounds "9"]
[EventCountry "RUS"]
[SourceTitle "EXT 2020"]
[Source "ChessBase"]
[SourceDate "2019.10.17"]
[SourceVersion "1"]
[SourceVersionDate "2019.10.17"]
[SourceQuality "1"]
[WhiteTeam "Nizhny Tagil Politekhnik"]
[BlackTeam "Togliatti Lada"]
[WhiteTeamCountry "RUS"]
[BlackTeamCountry "RUS"]

1. e4 c5 2. Nf3 d6 3. d4 cxd4 4. Nxd4 Nf6 5. Nc3 a6 6. Bc4 e6 7. Bb3 Nbd7 8.
Bg5 Nc5 9. f4 Be7 10. Qf3 Qc7 11. O-O-O O-O 12. Rhe1 b5 13. Bd5 $5 {Volokitin
loves to attack and sacrifice material, the shocking centralization of the
bishop comes at the unexpected moment.} (13. e5 Bb7 14. exf6 Bxf3 15. fxe7 Bxd1
16. exf8=Q+ Rxf8 17. Rxd1 d5 18. Nce2 b4 19. f5 e5 20. Nf3 Rc8 21. Ne1 d4 22.
Kb1 a5 {0-1 Rombaldoni,A-Aleksic,N/Assisi 2003/ (33)}) 13... Nxd5 (13... exd5
14. Bxf6 Bxf6 15. Nxd5 Qa5 16. Nxf6+ gxf6 17. Qg3+ Kh8 18. Qh4 Ne6 19. Qxf6+
Ng7 20. Kb1 $13) (13... Bb7 $5 14. Bxb7 Qxb7 15. b4 Na4 (15... Ncd7 16. e5 Qxf3
17. Nxf3 $16) 16. Nxa4 bxa4 17. a3 Qc7 $13) 14. exd5 Bxg5 15. fxg5 b4 (15...
Bb7 16. a3 Rac8 17. Qg4 e5 18. Nf5 Na4 19. Rd3 $13) 16. dxe6 Bxe6 {Grachev
should have taken on c3 in order to get some attacking potential for the
material. The recapturing with a bishop is not bad, but leaves white with
small plus.} (16... bxc3 $5 17. Qxa8 Bxe6 18. Qc6 (18. Qf3 cxb2+ 19. Kxb2 Na4+
20. Kc1 Rc8 21. Re3 $14) 18... Qa5 19. Nxe6 Qxa2 20. bxc3 fxe6 21. Rxd6 Qc4 $13
) 17. Nd5 Bxd5 (17... Qd8 18. h4 Qa5 19. Kb1 $14) 18. Qxd5 Rac8 19. Nf5 (19.
Re2 Rfe8 20. Rxe8+ Rxe8 21. Nf5 Ne6 22. h4 $14) 19... Ne6 20. Rd2 Rfd8 (20...
Rcd8 21. Red1 Rd7 22. h4 $14) 21. Nxd6 $1 {White is courageous at a proper
moment, there is no sensible way to benefit from the pin along the d file.} Qc5
(21... Nf8 22. Nxc8 $1 Rxd5 23. Ne7+ Kh8 24. Nxd5 $16) (21... Kh8 22. Qe5 Ra8
23. g6 hxg6 24. Nxf7+ Qxf7 25. Qxe6 Qf4 26. Qh3+ Kg8 27. Qe3 $18) (21... Rd7
22. Rxe6 $1 fxe6 23. Qxe6+ Kh8 24. Nxc8 $18) 22. Qxc5 Rxc5 23. h4 Kf8 24. Nb7
$1 Rxd2 25. Nxc5 (25. Kxd2 $2 Rb5 $19) 25... Rd6 (25... Rxg2 26. Nxe6+ fxe6 27.
Rxe6 a5 28. Re5 $16) 26. Nd3 (26. Nxe6+ fxe6 27. Re4 Rb6 28. Kd2 $16) 26... Rd4
27. g3 Ke7 28. Re3 Kd6 29. Rf3 Rg4 (29... Ke7 30. Rf5 Nc7 (30... Rg4 $2 31.
Rxf7+ Kxf7 32. Ne5+ $18) 31. Ra5 Rg4 32. Ra4 Nd5 33. c3 Rxg3 34. Nxb4 $16) 30.
Nf2 $1 Rc4 31. Rxf7 {[%mdl 4096] Two pawns are a great bonus for the stronger
side, black has no counterplay.} a5 32. Kd2 Rd4+ 33. Kc1 (33. Nd3 Rg4 34. Ra7
Rxg3 35. Ra6+ Ke7 36. Rxa5 $18) 33... a4 34. Ra7 b3 35. axb3 axb3 36. c3 (36.
cxb3 $18) 36... Rd5 37. Ne4+ Ke5 38. Nd2 Nc5 39. Ra3 Nd3+ 40. Kb1 Nxb2 (40...
Rd7 41. Nxb3 Kf5 42. Ra4 $18) 41. Kxb2 Rxd2+ 42. Kxb3 {The future winner
enjoys extra pawn on each flank, the rest is easy.} Rd7 (42... Rd3 43. Ra7 $18)
43. c4 Ke4 (43... Kd4 44. Ra5 g6 45. Kb4 $18) 44. Kb4 Rb7+ 45. Kc5 Rc7+ 46. Kb5
Kd4 (46... Rb7+ 47. Kc6 $18) 47. Rf3 g6 48. Rf4+ Ke5 49. Rf1 Rb7+ 50. Kc6 Rb3
51. Rf7 Rxg3 52. Rxh7 Rc3 53. c5 Kd4 54. Rd7+ Kc4 55. Kd6 Rd3+ 56. Ke6 1-0

[Event "Platonov Memorial"]
[Site "Kiev"]
[Date "1995.??.??"]
[Round "11"]
[White "Golubev, Mikhail"]
[Black "Boric, Muhamed"]
[Result "1/2-1/2"]
[WhiteElo "2525"]
[BlackElo "2435"]
[Annotator "Giese"]
[PlyCount "53"]
[EventDate "1995.??.??"]
[EventType "tourn"]
[EventRounds "13"]
[EventCountry "UKR"]
[EventCategory "10"]
[SourceTitle "CBM 051"]
[Source "ChessBase"]
[SourceDate "1996.04.01"]
[SourceVersion "1"]
[SourceVersionDate "1996.04.01"]
[SourceQuality "1"]

1. e4 c5 2. Nf3 d6 3. d4 cxd4 4. Nxd4 Nf6 5. Nc3 a6 6. Bc4 e6 7. Bb3 Nbd7 8. f4
Nc5 9. Qf3 b5 10. f5 Bd7 11. Bg5 Be7 12. e5 dxe5 13. Nc6 Bxc6 14. Qxc6+ Nfd7
15. Bxe7 Kxe7 16. fxe6 fxe6 17. Bxe6 $1 (17. O-O-O Qb6 $15) 17... Nxe6 18.
O-O-O Qe8 (18... Nf4 19. Rhe1 Rc8 20. Qd6+ Ke8 21. Nd5 $5 $16 {Fritz4} (21.
Rxe5+ $13)) 19. Nd5+ Kf8 20. Nc7 Nxc7 21. Rxd7 Ne6 22. Qd6+ Kg8 23. Re7 Qg6 24.
Rxe6 Qxg2 25. Re1 Qg5+ 26. Kb1 Rd8 27. Qxe5 $14 1/2-1/2

[Event "Olympiad-31"]
[Site "Moscow"]
[Date "1994.12.03"]
[Round "3.2"]
[White "Georgiev, Kiril"]
[Black "Xu, Jun"]
[Result "0-1"]
[WhiteElo "2615"]
[BlackElo "2560"]
[Annotator "Hansen,Cu"]
[PlyCount "78"]
[EventDate "1994.12.01"]
[EventType "team-swiss"]
[EventRounds "14"]
[EventCountry "RUS"]
[SourceTitle "CBM 045"]
[Source "ChessBase"]
[SourceDate "1995.04.01"]
[SourceVersion "1"]
[SourceVersionDate "1995.04.01"]
[SourceQuality "1"]
[WhiteTeam "Bulgaria"]
[BlackTeam "China"]
[WhiteTeamCountry "BUL"]
[BlackTeamCountry "CHN"]

1. e4 c5 2. Nf3 d6 3. d4 cxd4 4. Nxd4 Nf6 5. Nc3 a6 6. Bc4 e6 7. O-O Be7 8. Bb3
Nc6 9. Be3 O-O 10. f4 Na5 11. f5 (11. Qf3 Bd7 (11... Qc7 12. g4 (12. Rad1 Re8
13. f5 Nxb3 14. cxb3 exf5 15. Nxf5 Bxf5 16. Qxf5 Qc8 17. Qf3 Qe6 18. Bd4 $14 {
Villavicencio,A-Fos,J/ESP-ch/1993/}) 12... b5 (12... Nxb3 13. axb3 Rb8 14. g5
Nd7 15. f5 Ne5 16. Qg3 Kh8 17. Nf3 Nxf3+ 18. Rxf3 b5 19. Qh4 exf5 20. exf5 Qc6
21. Raf1 Bb7 22. Bd4 b4 23. Bxg7+ Kxg7 24. Qh6+ Kh8 25. g6 Qc5+ 26. R1f2 fxg6
27. fxg6 Qg5+ 28. Qxg5 Bxg5 29. Rxf8+ Rxf8 30. Rxf8+ Kg7 31. gxh7 {1-0
Fischer-Cardoso/New York (02) 1957}) 13. g5 Nd7 14. Nxe6 fxe6 15. Bxe6+ Kh8 16.
Nd5 Qd8 17. Qh5 Nc5 18. Bxc8 Rxc8 19. f5 Bxg5 20. Bxg5 Qe8 21. Qxe8 Rfxe8 22.
f6 Nd7 23. f7 Rxe4 24. Nb6 Nf8 25. Nxc8 Rg4+ 26. Kh1 Rxg5 27. Nxd6 g6 28. Rae1
Rd5 29. Re8 Kg7 30. Rd8 Re5 31. Ne8+ Kh6 32. Nf6 {1-0 Boleslavsky,I-Aronin,L/
URS-ch17 Moscow 1949}) 12. e5 Ne8 13. Rad1 Nxb3 14. axb3 dxe5 15. fxe5 Qc7 16.
Kh1 Rd8 17. Bf4 Bc5 18. Bg5 f6 19. exf6 Nxf6 20. Qe2 Bxd4 21. Rxd4 Qc5 22. Bxf6
Rxf6 23. Rfd1 Qe7 24. Nd5 {1-0 Gromek,J-Doda,Z/POL-ch (09) 1955}) (11. g4 d5
12. e5 Nd7 13. Qf3 Qc7 14. h4 Nc4 15. Bxc4 dxc4 16. a4 b6 17. h5 Bb7 18. Qg3 h6
19. Rae1 Rad8 20. Re2 Kh8 21. Rh2 Ba8 22. Re1 Bc5 23. Qf2 Rde8 24. Nf3 Bxe3 25.
Qxe3 Qc5 26. Qxc5 Nxc5 27. Nd2 {1/2-1/2 Fischer-Evans,L./Rosenwald mem (08)
1958}) (11. e5 Ne8 12. Qh5 Nxb3 13. axb3 f5 14. exf6 Nxf6 15. Qe2 Re8 16. Kh1
Bf8 17. Rad1 Qc7 18. f5 exf5 19. Nxf5 g6 20. Nxd6 Ng4 21. Qf3 Bxd6 22. Bb6 Qxb6
23. Qf7+ Kh8 24. Qxe8+ Kg7 25. Qf7+ Kh6 26. Ne4 Be5 27. Qf8+ Kh5 28. Qe7 Qe3
29. Rf3 Nf2+ 30. Nxf2 Qe2 31. Qxh7+ Kg5 32. h4# {1-0 Mohr,G-Khenkin,I/
Voskresensk 1990}) 11... Nxb3 12. axb3 Bd7 13. Qf3 (13. g4 $2 e5 $17) 13... b5
14. g4 b4 15. Nce2 (15. Na4 e5 16. Ne2 Bc6 17. Ng3 d5 $15) 15... e5 16. g5 exd4
(16... Ne8 $5 17. f6 gxf6 (17... exd4 18. fxe7 Qxe7 19. Nxd4 $14) 18. Nf5 $13)
17. gxf6 Bxf6 18. Bxd4 Bb5 $15 {קe4,עg1} 19. c4 bxc3 20. bxc3 {/\c3-c4} Bxd4+
21. cxd4 Qg5+ 22. Kh1 Qd2 23. Rae1 Rac8 $1 {/\Rc2} (23... Bxe2 24. Qxe2 Qxd4
$17) 24. Rg1 Bxe2 25. Rxe2 Qxd4 $17 26. Reg2 g6 27. fxg6 fxg6 28. Rxg6+ Kh8 (
28... hxg6 $4 29. Rxg6+ Kh7 30. Qh5#) 29. Qh5 Qxe4+ 30. R6g2 Rg8 {/\31. -
Qxg2+ 32.Rxg2 Rc1+} 31. Qd1 (31. Qe2 Qxg2+ $1 32. Qxg2 Rxg2 33. Kxg2 (33. Rxg2
Rc1+ $19) 33... Rg8+ $19) 31... d5 32. Qf1 {/\Qf6+} Rg6 {/\Rcg8} 33. Qa1+ d4
34. Qe1 Qd5 35. h3 Rcg8 36. Qd2 Rg3 37. Qxd4+ (37. Kh2 Rxh3+ 38. Kxh3 Qh5#)
37... Qxd4 38. Rxg3 Rxg3 39. Rxg3 Qf2 0-1

[Event "Balatonbereny GM"]
[Site "Balatonbereny"]
[Date "1996.??.??"]
[Round "6"]
[White "Sax, Gyula"]
[Black "Dao, Thien Hai"]
[Result "0-1"]
[WhiteElo "2560"]
[BlackElo "2560"]
[Annotator "Hecht,H"]
[PlyCount "100"]
[EventDate "1996.06.13"]
[EventType "tourn"]
[EventRounds "11"]
[EventCountry "HUN"]
[EventCategory "11"]
[SourceTitle "CBM 055"]
[Source "ChessBase"]
[SourceDate "1996.12.01"]
[SourceVersion "1"]
[SourceVersionDate "1996.12.01"]
[SourceQuality "1"]

1. e4 c5 2. Nf3 d6 3. d4 cxd4 4. Nxd4 Nf6 5. Nc3 a6 6. Bc4 e6 7. Bb3 Nbd7 8.
Qe2 Nc5 9. Bg5 Be7 10. f4 O-O 11. O-O-O Qc7 12. h4 Re8 13. g4 b5 14. e5 dxe5
15. fxe5 Nfd7 16. Bxe7 Rxe7 17. Nf5 exf5 18. Nd5 Nxb3+ 19. axb3 Qd8 20. Nxe7+
Qxe7 21. gxf5 Bb7 22. Rhe1 f6 23. e6 Ne5 24. Qd2 Bf3 25. Qd6 Qxd6 26. Rxd6 Kf8
27. Rb6 g6 28. fxg6 hxg6 29. Re3 Ke7 30. Rc3 Ra7 31. Rc8 Bd5 32. Rh8 Bxe6 33.
h5 gxh5 34. Rxh5 Rc7 35. Kd2 Rc6 36. Rxc6 Nxc6 {ideales Zusammenspiel aller
schwarzen Steine führt zur Metamorphose des f-Freibauern; einfache Technik} 37.
Rh7+ Kd6 38. Rh8 f5 39. Ke3 Ke5 40. Rh4 Bd5 41. c4 Be4 42. Rh8 f4+ 43. Kf2 Kd4
44. Ra8 bxc4 45. bxc4 Nb4 46. Rc8 Nd3+ 47. Kf1 f3 48. b3 Ke3 49. Re8 Nc5 50. b4
Nb3 0-1

[Event "RUS-ch U18"]
[Site "Moscow"]
[Date "1995.??.??"]
[Round "11"]
[White "Kobalia, Mihail"]
[Black "Sotnikov, Igor"]
[Result "1/2-1/2"]
[WhiteElo "2415"]
[BlackElo "2440"]
[Annotator "Hecht,H"]
[PlyCount "99"]
[EventDate "1995.??.??"]
[EventType "tourn"]
[EventRounds "11"]
[EventCountry "RUS"]
[EventCategory "8"]
[SourceTitle "CBM 046"]
[Source "ChessBase"]
[SourceDate "1995.06.01"]
[SourceVersion "1"]
[SourceVersionDate "1995.06.01"]
[SourceQuality "1"]

1. e4 c5 2. Nf3 d6 3. d4 cxd4 4. Nxd4 Nf6 5. Nc3 a6 6. Bc4 e6 7. Bb3 Nbd7 8. f4
Nc5 9. f5 Be7 10. Qf3 O-O 11. Be3 e5 12. Nde2 Nxb3 13. axb3 b5 14. g4 b4 15.
Na4 Bb7 16. Ng3 Qc7 17. O-O-O Rac8 18. Rd2 Nxe4 19. Nxe4 Qc6 20. Nb6 Qxe4 21.
Qxe4 Bxe4 22. Nxc8 Rxc8 23. Re1 d5 24. Kb1 f6 25. Bb6 g6 26. Rxe4 dxe4 27. Re2
Kf7 28. Rxe4 Rg8 29. Ba5 gxf5 30. gxf5 Rg1+ 31. Ka2 Rf1 32. Bxb4 Rxf5 33. Ba5
Rf2 34. c4 Rxh2 35. b4 Ke6 36. b5 axb5 37. cxb5 Rg2 38. Rc4 Bd6 39. Kb3 f5 40.
Rc8 f4 41. b6 Rg7 42. Bb4 Bxb4 43. Kxb4 $10 {Der starke weisse b-Freibauer
zwingt den Rg7 in eine passive Position.} Rf7 (43... f3 44. Rf8 e4 (44... Rf7
45. Rxf7 Kxf7 46. b7 f2 47. b8=Q f1=Q 48. Qxe5 $10) 45. Kc5 Ke5 46. Kc6 Kd4 47.
b7 Rxb7 48. Kxb7 Ke3 (48... e3 49. Rf4+ $1 $18) 49. Kc6 Kf2 50. Kd5 e3 51. Ke4
$18) 44. Rc6+ Kd5 45. Rc7 Rf8 46. b7 Rb8 47. Rxh7 Ke6 48. Kc4 Rd8 49. Rc7 f3
50. Rc8 1/2-1/2

[Event "URS-ch51 First League"]
[Site "Tallinn"]
[Date "1983.12.??"]
[Round "?"]
[White "Yurtaev, Leonid"]
[Black "Balashov, Yuri S"]
[Result "0-1"]
[WhiteElo "2360"]
[BlackElo "2540"]
[Annotator "Kharitonov,A"]
[PlyCount "60"]
[EventDate "1983.12.??"]
[EventType "tourn"]
[EventRounds "17"]
[EventCountry "URS"]
[EventCategory "9"]
[SourceTitle "MCL"]
[Source "ChessBase"]
[SourceDate "1999.07.01"]
[SourceVersion "1"]
[SourceVersionDate "1999.07.01"]
[SourceQuality "1"]

1. e4 c5 2. Nf3 d6 3. d4 cxd4 4. Nxd4 Nf6 5. Nc3 e6 6. Bc4 Be7 7. Bb3 (7. g4
O-O 8. g5 Nxe4 9. Nxe4 d5 10. Nf6+ Bxf6 11. gxf6 dxc4 12. fxg7 Re8 13. Be3 (13.
Qg4 e5 14. Nf5 Qf6 {Svistunov,K-Kharitonov,A/Pinsk/1993/0:1 (14)}) 13... Qd5
14. Rg1 e5 15. Qh5 Qa5+ 16. c3 Nc6 17. Nxc6 bxc6 $36) 7... O-O 8. Be3 Na6 $5 9.
g4 (9. Qe2 Nc5 10. f3 a6 11. g4 Qc7 12. O-O-O b5 13. Rhg1 b4 14. Nb1 (14. Na4
Bd7 $19) 14... Nfd7 15. g5 Nb6 16. Nd2 d5 $1 $17 {Huares-Lombardy,W//Ziegen(ol)
/1970/0:1 (23)}) (9. f4 $5 Nc5 10. Qf3 a5 11. O-O-O a4 12. Bc4 a3 13. e5 axb2+
14. Kb1 dxe5 15. Nc6 Qc7 16. Nxe7+ Qxe7 17. fxe5 Nfd7 $13 {Styrenkov,
V-Kharitonov,A/Smolensk/1986/0,5 (26)}) 9... Nc5 10. Qf3 a5 11. g5 $2 (11. a3
$142 $13) (11. a4 d5 12. exd5 Nxb3 13. cxb3 (13. Nxb3 Bb4 $36) 13... Bb4 $36)
11... Nfd7 (11... Nfxe4 12. Nxe4 Nxe4 13. Qxe4 d5 14. Qg2 a4 15. Bxd5 exd5 16.
a3 $13) 12. Qh5 (12. h4 a4 13. Bc4 a3 14. b3 Ne5 15. Qe2 $17) 12... Ne5 $1 13.
a4 (13. f4 $2 a4 14. fxe5 dxe5 $19) (13. a3 $5) 13... Nxb3 14. cxb3 g6 15. Qh4
f5 $5 16. f4 $2 (16. gxf6 Bxf6 $17) (16. O-O-O $2 f4 $1 17. Bd2 (17. Bxf4 Rxf4
18. Qxf4 Bxg5 $19) 17... Bxg5 $19) (16. exf5 Rxf5 $1 {Balashov/} 17. f4 Nd3+
18. Ke2 (18. Kd2 Rxf4 $1 19. Qg3 (19. Bxf4 Nxf4 $17) 19... e5 20. Kxd3 Rxd4+
21. Bxd4 Bf5+ $17) 18... Nxf4+ 19. Bxf4 Rxf4 20. Qxf4 e5 21. Qe4 exd4 22. Qxd4
Bxg5 $36) 16... Nd3+ 17. Ke2 fxe4 18. Nxe4 e5 $1 $40 19. f5 (19. Kxd3 exd4 20.
Bxd4 Bf5 $19) 19... exd4 20. f6 (20. fxg6 hxg6 21. Bxd4 Ne5 $19) 20... dxe3 21.
fxe7 Qxe7 22. Nf6+ Rxf6 $5 (22... Kh8 23. Kxd3 Bf5+ 24. Ke2 Rac8 25. Rac1 $17)
23. gxf6 Qf7 24. Kxd3 Qxb3+ 25. Ke2 Be6 $19 26. Rac1 (26. Qh6 Qxb2+ 27. Kxe3
Qxf6 $19) 26... Qxb2+ 27. Kxe3 Re8 28. Rhe1 Bc4+ 29. Kf3 (29. Kf4 Qd4+ 30. Kg5
(30. Kg3 Re3+ $19) 30... Re5+ 31. Rxe5 Qxe5+ 32. Kg4 (32. Kh6 Qe3+ 33. Qg5 Qh3+
$19) 32... Qe4+ 33. Kg5 (33. Kg3 Qe3+) 33... Qe3+ 34. Qf4 h6+ $19) 29... Bd5+
30. Kg4 Qd4+ (30... Qd4+ 31. Kg5 Re5+ 32. Rxe5 Qxe5+ 33. Kg4 h5+ 34. Kh3 Qe6+
35. Kg3 Qe3#) (30... Qd4+ 31. Kg3 Re3+ 32. Rxe3 Qxe3+ 33. Kg4 Be6#) 0-1

[Event "Budapest FS02 GM"]
[Site "Budapest"]
[Date "1996.??.??"]
[Round "11"]
[White "Macieja, Bartlomiej"]
[Black "Dao, Thien Hai"]
[Result "1-0"]
[WhiteElo "2430"]
[BlackElo "2560"]
[Annotator "Konikowski,J"]
[PlyCount "69"]
[EventDate "1996.02.??"]
[EventType "tourn"]
[EventRounds "13"]
[EventCountry "HUN"]
[EventCategory "8"]
[SourceTitle "CBM 052"]
[Source "ChessBase"]
[SourceDate "1996.06.01"]
[SourceVersion "1"]
[SourceVersionDate "1996.06.01"]
[SourceQuality "1"]

1. e4 c5 2. Nf3 d6 3. d4 cxd4 4. Nxd4 Nf6 5. Nc3 a6 6. Bc4 e6 7. Bb3 Nbd7 8. f4
Nc5 9. Qf3 b5 10. f5 Bd7 11. fxe6 fxe6 12. Be3 Qc8 (12... Be7 13. e5 $1 Nxb3 (
13... dxe5 14. Nc6 Qc7 (14... Bxc6 15. Qxc6+ Ncd7 16. Qxe6 Rf8 17. O-O-O $40)
15. Nxe7 e4 16. Qd1 Kxe7 17. Qd4 Nxb3 (17... Rac8 18. O-O $36) 18. axb3 Rhd8
19. Nxe4 Qxc2 20. Bg5 Rf8 21. O-O Bc6 22. Qd6+ Kf7 (22... Ke8 23. Qxe6+ Kd8 24.
Rad1+ Kc7 25. Qe7+ $18) 23. Bxf6 Kg8 24. Qg3 Rf7 25. Bc3 Qxe4 26. Rxf7 Kxf7 27.
Qxg7+ Ke8 28. Rf1 Qe3+ 29. Kh1 Qc5 30. Qf7+ Kd8 31. Ba5+ $18) 14. exf6 Nxd4 15.
Bxd4 gxf6 16. Qh5+ Kf8 17. O-O $40) 13. a3 Be7 $2 (13... Nxb3 $142) 14. Ba2 O-O
15. Nf5 Rf7 16. Nxe7+ Rxe7 17. e5 $1 Bc6 (17... Ne8 18. O-O $18) 18. Qh3 Nfd7
19. exd6 Rf7 20. Bxc5 Nxc5 21. b4 Bxg2 (21... Qb7 22. bxc5 Bxg2 23. Qxe6 Bxh1
24. d7 $18) 22. Qxg2 Nd3+ (22... Nb3 23. Ne4 Nxa1 24. Nc5 $18) 23. Kd1 $18 Nf4
24. Qd2 Qc6 25. Re1 a5 26. Kc1 axb4 27. axb4 Qa6 28. Kb1 Kh8 29. d7 Rff8 30.
Rd1 h6 31. d8=Q Rfxd8 32. Qxd8+ Rxd8 33. Rxd8+ Kh7 34. Bd5 Qb6 35. Be4+ (35.
Be4+ Ng6 36. Raa8 $18) 1-0

[Event "Olympiad-32"]
[Site "Yerevan"]
[Date "1996.09.19"]
[Round "4.1"]
[White "Istratescu, Andrei"]
[Black "Short, Nigel D"]
[Result "1/2-1/2"]
[WhiteElo "2535"]
[BlackElo "2695"]
[Annotator "Makarichev,S"]
[PlyCount "66"]
[EventDate "1996.09.15"]
[EventType "team-swiss"]
[EventRounds "14"]
[EventCountry "ARM"]
[SourceTitle "CBM 055"]
[Source "ChessBase"]
[SourceDate "1996.12.01"]
[SourceVersion "1"]
[SourceVersionDate "1996.12.01"]
[SourceQuality "1"]
[WhiteTeam "Romania"]
[BlackTeam "England"]
[WhiteTeamCountry "ROU"]
[BlackTeamCountry "ENG"]

1. e4 c5 2. Nf3 d6 3. d4 cxd4 4. Nxd4 Nf6 5. Nc3 a6 6. Bc4 e6 7. Bb3 Nbd7 8. f4
Nc5 9. f5 b5 $1 10. O-O (10. fxe6 fxe6 11. O-O Bd7 $1 (11... Qd7 12. Qf3 $16 {
Balashov,Y-Zlotnik,B/URS/1969/})) 10... Bd7 11. Qf3 Be7 $1 12. fxe6 fxe6 13. e5
dxe5 14. Nc6 Bxc6 15. Qxc6+ Kf7 16. Be3 Qc8 $1 $15 17. Qf3 Nxb3 18. axb3 Rf8
19. Kh1 Kg8 $15 20. Qe2 {xc2/} Qc6 21. Bg5 $5 $132 (21. Rae1 $2 Rac8 $40) 21...
h6 22. Bh4 Rae8 $6 (22... Rac8 $1 23. Qxe5 $140 b4 24. Na4 (24. Ne4 $6 Qxe4 25.
Qxe4 Nxe4 26. Bxe7 Rxf1+ 27. Rxf1 Rxc2 $17) (24. Ne2 $6 Ng4 25. Qg3 Bxh4 26.
Qxg4 Bf6 27. Qxb4 Bxb2 $17) 24... Ng4 25. Rxf8+ Rxf8 26. Qg3 Bxh4 27. Qxg4 $15)
23. h3 $1 (23. Qxe5 $2 b4 $1 24. Na4 Ng4 25. Rxf8+ Rxf8 26. Qe1 (26. Qh5 $4 Ne3
$19) 26... Bxh4 27. Qxh4 Ne3 28. Qg3 Nxc2 $17) 23... Rc8 24. Qxe5 b4 25. Na4
Nd7 26. Qh5 Bxh4 27. Qxh4 a5 (27... Qxc2 28. Qxb4 $10) 28. c3 Rxf1+ 29. Rxf1
Qd6 {xa4/} 30. Qh5 $1 e5 31. Qg4 $1 (31. Rd1 $6 Qe6 $15) 31... Rc7 32. Rd1 Qc6
33. cxb4 axb4 (33... axb4 34. Qxb4 Nf6 $13) 1/2-1/2

[Event "Olympiad-31"]
[Site "Moscow"]
[Date "1994.12.08"]
[Round "7.1"]
[White "Magomedov, Magaram"]
[Black "Quinn, Mark"]
[Result "1-0"]
[WhiteElo "2450"]
[BlackElo "2305"]
[Annotator "Moiseev,V"]
[PlyCount "84"]
[EventDate "1994.12.01"]
[EventType "team-swiss"]
[EventRounds "14"]
[EventCountry "RUS"]
[SourceTitle "CBM 045"]
[Source "ChessBase"]
[SourceDate "1995.04.01"]
[SourceVersion "1"]
[SourceVersionDate "1995.04.01"]
[SourceQuality "1"]
[WhiteTeam "Tajikistan"]
[BlackTeam "Ireland"]
[WhiteTeamCountry "TJK"]
[BlackTeamCountry "IRL"]

1. e4 c5 2. Nf3 d6 3. d4 cxd4 4. Nxd4 Nf6 5. Nc3 a6 6. Bc4 e6 7. Bb3 Nbd7 8. f4
Nc5 9. e5 Nfd7 (9... dxe5) 10. exd6 Nf6 11. Be3 Bxd6 12. Qf3 Qc7 (12... Nxb3 $5
13. axb3 O-O 14. O-O-O Qa5 15. Kb1 Bb4 $10 {Thorhallsson,T-Van Wely,L/Akureyri/
1994/}) 13. O-O-O Bd7 14. Rhe1 $5 {N} (14. g4 Nxb3+ 15. axb3 O-O-O 16. g5 Nd5
17. Nxd5 exd5 18. Kb1 Rhe8 $10 {Janovsky,S-Timoshenko,G/Hastings Challenger/
1991/0:1/34/}) 14... Nxb3+ 15. axb3 O-O-O 16. Kb1 Kb8 (16... e5 $5 17. fxe5
Bxe5 $13) 17. h3 Rhe8 (17... e5 18. fxe5 Bxe5 19. g4 $14) 18. Qf2 $1 Rc8 (18...
Nd5 $6 19. Nxd5 exd5 20. Ne2 $16) 19. Nf3 $1 Bc6 (19... Bxf4 20. Bb6 Qc6 21.
Na4 $1 $16 {/\ 21 Ba7, 21 Nd4} (21. Ne5 Bxe5 22. Rxe5 {/\ 23 Rc5} Nd5 23. Nxd5
exd5 24. Rexd5 Be6 25. Rc5 Qe4 $10) (21. Re5 Nd5) 21... Nd5 22. Ba7+ Ka8 23. c4
$18) 20. Bb6 Qe7 21. Ne5 Bxe5 $6 (21... Nd7 $2 22. Nxd7+ Bxd7 (22... Qxd7 23.
Qd4 Bc7 24. Ba7+ $18) 23. Nd5 Qf8 24. Ba7+ $18) (21... Rf8 $2 22. Ba7+ Ka8 23.
Nc4 Bc7 24. Bc5 $18) (21... Nd5 $16) 22. Bc5 $1 Qxc5 (22... Qc7 23. fxe5 $18) (
22... Bxc3 23. bxc3 Qc7 24. Bd6 $18) 23. Qxc5 Bxf4 24. Qf2 $16 Bc7 25. g4 h6
26. h4 Rf8 27. g5 (27. Qe2 g5 28. hxg5 hxg5 29. Rf1 Bf4) (27. Rg1 Ne4 28. Nxe4
Bxe4 {><c2}) 27... Ng4 28. Qd4 (28. Qe2 $5 Ne5 29. Ne4) 28... Nh2 29. Qxg7 Nf3
30. Re2 Nxh4 31. Qxh6 Nf5 32. Qh7 Bf3 33. Rd7 Bxe2 34. Nxe2 Nd6 35. Nf4 Rh8 36.
Qd3 Rhd8 37. Rxd8 Rxd8 38. Qh7 Re8 39. c4 Ka7 $2 (39... b6 $5) 40. g6 $1 $18
Nf5 41. gxf7 Re7 42. Nxe6 $1 (42. Qxf5 $2 exf5 43. f8=Q Re1+ 44. Ka2 Bxf4 $10)
42... Nd6 (42... Nd6 43. f8=Q Rxh7 44. Nxc7 Rxc7 45. Qxd6 $18) 1-0